00615nam a2200181Ia 4500003000900000008004100009040001600050080001500066100002500081245011300106260004300219300001500262650002300277650002300300942000700323999001300330952009000343IN-BaIIA211028s9999 xx 000 0 eng d cIIA Library a523.7bJOH aJohnson, S. J.91443 0aHistorical and future eclipses with notes on planets double stars and other celestial matterscS. J. Johnson aOxfordbJames Parker and Companyc1896 aviii, 178p aEclipses-Sun91444 aSun-Eclipses91445 cBK c664d664 00104070aBANbKODcGENd0000-00-00l0o523.7/ JOHp687r2021-11-05w0000-00-00yBK